Hodnotenie reputácie spoločnosti Volkswagen

Skúmanie empirickej literatúry analyzujúcej vzťah medzi reputáciou spoločnosti a finančnou výkonnosťou. Porovnanie reputácie meranej pomocou odlišných techník. Praktická aplikácia na príklade spoločnosti Volkswagen.

Enregistré dans:
Détails bibliographiques
Auteur principal: Kozáková, Mária, 1991-
Format: Chapitre de livre
Langue:slovaque
Sujets:
Tags: Ajouter un tag
Pas de tags, Soyez le premier à ajouter un tag!

MARC

LEADER 00000naa$a2200000$$$4500
001 0251004
005 20240502074026.8
041 0 |a slo 
044 |a SK 
245 1 0 |a Hodnotenie reputácie spoločnosti Volkswagen  |c Mária Kozáková 
520 |a Skúmanie empirickej literatúry analyzujúcej vzťah medzi reputáciou spoločnosti a finančnou výkonnosťou. Porovnanie reputácie meranej pomocou odlišných techník. Praktická aplikácia na príklade spoločnosti Volkswagen. 
610 2 0 |a reputácia podniku 
610 2 0 |a hodnota trhová 
610 2 0 |a priemysel automobilový 
610 2 0 |a akcie 
610 2 0 |a majetok podnikový 
100 1 |a Kozáková, Mária, 1991-